[Event "2020 Standard Chess Dropout Tournament, Round 2"]
[Site "SchemingMind.com"]
[Date "2020.06.16"]
[Round "2"]
[White "kenneth m day"]
[Black "Andrea Carra"]
[Result "0-1"]
[WhiteCountry "USA"]
[BlackCountry "ITA"]
[WhiteElo "1729"]
[WhiteRD "50"]
[BlackElo "1905"]
[BlackRD "101"]
[GameID "456584"]

1. e4 e5 2. Nf3 Nc6 3. c3 d5 4. Qa4 f6 5. d3 Ne7 6. Be2 Be6 7. O-O Ng6 8. exd5 Bxd5 9. Nbd2 Qd7 10. Ne4 Be7
11. Be3 f5 12. Nc5 Qc8 13. d4 f4 14. Bd2 e4 15. Ne1 O-O 16. Qc2 f3 17. Bd1 fxg2 18. Nxg2 Qh3 19. Nxe4 Bd6 20. f4 Rae8
21. Bf3 Nxf4 22. Nxd6 Ne2+ 23. Kh1 Rxf3 24. Rxf3 Bxf3
0-1

[Event "2020 Standard Chess Dropout Tournament, Round 2"]
[Site "SchemingMind.com"]
[Date "2020.06.15"]
[Round "2"]
[White "Thomas Jacob Kelly"]
[Black "Holty"]
[Result "1/2-1/2"]
[WhiteCountry "USA"]
[BlackCountry "ENG"]
[WhiteElo "1888"]
[WhiteRD "70"]
[BlackElo "1707"]
[BlackRD "60"]
[GameID "456585"]

1. e4 e6 2. d4 d5 3. Nd2 dxe4 4. Nxe4 Nd7 5. Nf3 Ngf6 6. Nxf6+ Nxf6 7. c3 c5 8. Ne5 Nd7 9. Bb5 cxd4 10. Qxd4 a6
11. Bg5 f6 12. Nxd7 Bxd7 13. Bxd7+ Qxd7 14. Be3 Qxd4 15. Bxd4 Be7 16. Bb6 O-O 17. O-O-O Rac8 18. a4 Rc6 19. a5 Bc5 20. Bxc5 Rxc5
21. Rhe1 Re8 22. Rd7 Rxa5 23. Rxb7 Ra1+ 24. Kd2 Rd8+ 25. Ke2 Ra2 26. Rb6 e5 27. Rd1 Rxd1 28. Kxd1 Ra1+ 29. Ke2 Kf7 30. Kf3 Kg6
31. h3 h5 32. c4 Rc1 33. b3 a5 34. Ra6 Rb1 35. Rxa5 Rxb3+ 36. Ke4 Rb2 37. Ke3 Kf5 38. Ra3 Rc2 39. Ra4 Rb2 40. g3 g5
41. f3 Rb3+ 42. Ke2 Rb2+ 43. Ke3=
1/2-1/2

[Event "2020 Standard Chess Dropout Tournament, Round 2"]
[Site "SchemingMind.com"]
[Date "2020.06.15"]
[Round "2"]
[White "Lanaroon"]
[Black "Don71"]
[Result "0-1"]
[WhiteCountry "ENG"]
[BlackCountry "NIR"]
[WhiteElo "1541"]
[WhiteRD "102"]
[BlackElo "2348"]
[BlackRD "104"]
[GameID "456587"]

1. e4 c5 2. Nf3 Nc6 3. Nc3 e5 4. b3 f5 5. Nxe5 Nxe5 6. exf5 Nf6 7. Bc4 Nxc4 8. Qe2+ Qe7 9. Qxe7+ Bxe7 10. bxc4 d5
11. Nxd5 Nxd5 12. cxd5 Bxf5 13. Bb2 Bxc2 14. Rc1 Be4 15. O-O Bxd5 16. Rfe1 Kf7 17. f4 Rhe8 18. Re3 Bxa2 19. Rg3 Bf8 20. Kf2 Rad8
21. d4 Re4 22. Rd1 cxd4 23. Rgd3 Bc4
0-1

[Event "2020 Standard Chess Dropout Tournament, Round 2"]
[Site "SchemingMind.com"]
[Date "2020.06.14"]
[Round "2"]
[White "William Lindberg"]
[Black "Randy Bahr"]
[Result "1-0"]
[WhiteCountry "USA"]
[BlackCountry "USA"]
[WhiteElo "2447"]
[WhiteRD "63"]
[BlackElo "1736"]
[BlackRD "70"]
[GameID "456588"]

1. d4 f5 2. g3 Nf6 3. Nf3 g6 4. Bg2 Bg7 5. O-O O-O 6. c4 d6 7. Nc3 e6 8. b3 Nc6 9. Qc2 Nb4 10. Qd2 c6
11. Bb2 Na6 12. Rad1 Nc7 13. a4 Nd7 14. e4 e5 15. Ba3 Ne8 16. exf5 Rxf5 17. Ne2 c5 18. dxc5 dxc5 19. g4 Rxf3 20. Bxf3 Qf6
21. Bd5+ Kh8 22. f4 exf4 23. Rxf4 Qb6 24. Bb2 Ndf6 25. g5 Bf5 26. gxf6 Nxf6 27. Ng3 Rd8 28. Nxf5 gxf5 29. Rxf5 Rd7 30. Qg2 Qd8
31. Rdf1 Rd6 32. Rxf6 Rxf6 33. Rxf6
1-0

[Event "2020 Standard Chess Dropout Tournament, Round 2"]
[Site "SchemingMind.com"]
[Date "2020.06.19"]
[Round "2"]
[White "Simon Green"]
[Black "Robert Hatfield"]
[Result "1/2-1/2"]
[WhiteCountry "ENG"]
[BlackCountry "USA"]
[WhiteElo "1611"]
[WhiteRD "61"]
[BlackElo "1769"]
[BlackRD "66"]
[GameID "456589"]

1. d4 Nf6 2. e3 g6 3. Bd3 Bg7 4. f4 d5 5. Nf3 Bg4 6. O-O Nbd7 7. Nbd2 c5 8. c3 O-O 9. Qe1 Re8 10. Ne5 cxd4
11. cxd4 Rc8 12. Nxg4 Nxg4 13. Qg3 Ngf6 14. Nf3 Nb6 15. Bd2 Nc4 16. Bxc4 Rxc4 17. Rac1 Qc7 18. Ne5 Ne4 19. Rxc4 dxc4 20. Qe1 Nxd2
21. Qxd2 Rd8 22. Rc1 Bxe5 23. fxe5 Qxe5 24. Rxc4 Qe4=
1/2-1/2

[Event "2020 Standard Chess Dropout Tournament, Round 2"]
[Site "SchemingMind.com"]
[Date "2020.06.15"]
[Round "2"]
[White "Clive Everill"]
[Black "pengle"]
[Result "1/2-1/2"]
[WhiteCountry "CZE"]
[BlackCountry "USA"]
[WhiteElo "1752"]
[WhiteRD "55"]
[BlackElo "1652"]
[BlackRD "89"]
[GameID "456590"]

1. e4 c5 2. Nc3 e5 3. Bc4 Nf6 4. Nf3 d6 5. O-O Be7 6. d3 Nc6 7. Ng5 O-O 8. f4 h6 9. Nf3 Bg4 10. h3 Bxf3
11. Qxf3 Nd4 12. Qf2 a6 13. fxe5 dxe5 14. Nd5 b5 15. Bb3 Nxb3 16. Nxe7+ Qxe7 17. axb3 Nd7 18. Qg3 Kh7 19. Be3 f6 20. Rf5 g5
21. Raf1 Rac8 22. Qf2 Rc6 23. c3 Kg7 24. Qf3 Qf7 25. Qe2 Qe8 26. h4 Rh8 27. h5 b4 28. c4 Rd6 29. g4 Rf8 30. Ra1 Qa8
31. Ra5 Qd8 32. Bxc5 Nxc5 33. Rxc5 Rxd3 34. Rd5 Rxd5 35. cxd5 Qb6+ 36. Kg2 Rc8 37. Rf1 a5 38. Rd1 Rd8 39. Kf3 Rd6=
1/2-1/2

[Event "2020 Standard Chess Dropout Tournament, Round 2"]
[Site "SchemingMind.com"]
[Date "2020.06.16"]
[Round "2"]
[White "maro"]
[Black "Mike Winslow"]
[Result "0-1"]
[WhiteCountry "MEX"]
[BlackCountry "USA"]
[WhiteElo "1373"]
[WhiteRD "60"]
[BlackElo "1924"]
[BlackRD "88"]
[GameID "456591"]

1. e4 g6 2. d4 Bg7 3. Nf3 d6 4. Nc3 Nf6 5. d5 Nbd7 6. Bb5 a6 7. Ba4 O-O 8. O-O b5 9. Bb3 Nc5 10. h3 Nfxe4
11. Nxe4 Nxe4 12. c3 Bb7 13. Re1 Nf6 14. Bc2 Bxd5 15. Bg5 Bb7 16. Qd2 Re8 17. Bh6 Bxf3 18. Bxg7 Kxg7 19. gxf3 e5 20. f4 e4
21. Qd4 c5 22. Qd2 d5 23. b4 cxb4 24. cxb4 Rc8 25. Bb3 d4 26. Qb2 Qd6 27. a3 d3 28. Rad1 Qxf4 29. Qd4 Qc7 30. Rc1 Qe7
31. Rxc8 Rxc8 32. f3 Rd8 33. Qe3 d2 34. Re2 d1=Q+ 35. Bxd1 Rxd1+ 36. Kf2 Nd5 37. Qb3 Qa7+ 38. Kg3 Rg1+ 39. Kh2 exf3 40. Qxf3 Rg5
41. Re1 Qc7+ 42. Kh1 Qg3 43. Qxg3 Rxg3 44. Kh2 Rxa3
0-1

[Event "2020 Standard Chess Dropout Tournament, Round 2"]
[Site "SchemingMind.com"]
[Date "2020.06.15"]
[Round "2"]
[White "Matthew Bailey"]
[Black "Abstract Actuary"]
[Result "1-0"]
[WhiteCountry "ENG"]
[BlackCountry "USA"]
[WhiteElo "2518"]
[WhiteRD "58"]
[BlackElo "1860"]
[BlackRD "67"]
[GameID "456592"]

1. d4 Nf6 2. c4 e6 3. Nf3 Bb4+ 4. Nbd2 O-O 5. a3 Bxd2+ 6. Bxd2 d5 7. cxd5 exd5 8. Bf4 Bf5 9. e3 Nbd7 10. Be2 Ne4
11. h3 Ndf6 12. Rc1 c6 13. g4 Bg6 14. Qb3 Qe7 15. Ne5 h6 16. h4 Bh7 17. g5 hxg5 18. hxg5 Nd7 19. Qxb7 Rfd8 20. Nxc6
1-0

[Event "2020 Standard Chess Dropout Tournament, Round 2"]
[Site "SchemingMind.com"]
[Date "2020.06.15"]
[Round "2"]
[White "Mike Smith"]
[Black "Ingemar Assarsjö"]
[Result "1-0"]
[WhiteCountry "ENG"]
[BlackCountry "SWE"]
[WhiteElo "2235"]
[WhiteRD "102"]
[BlackElo "1849"]
[BlackRD "89"]
[GameID "456594"]

1. c4 Nf6 2. Nc3 e6 3. Nf3 d5 4. d4 Be7 5. g3 O-O 6. Bg2 dxc4 7. Ne5 c5 8. Be3 Qc7 9. Nxc4 cxd4 10. Qxd4 Rd8
11. Qf4 Qxf4 12. Bxf4 Nc6 13. O-O Bd7 14. Rfd1 Bc5 15. Bc7 Re8 16. Bd6 Bxd6 17. Nxd6 Reb8 18. Nxb7 Rxb7 19. Rxd7 Rxd7 20. Bxc6 Rad8
21. Bxd7 Rxd7 22. Rd1 Rxd1+ 23. Nxd1 Kf8 24. f3 Ke7 25. Kf2 Kd6 26. Ke3 Kc5 27. Nc3 Nd7 28. Ne4+ Kd5 29. Kd3 h6 30. b4 Ne5+
31. Kc3 Nc4 32. a4 Ne3 33. Nd2 Nd1+ 34. Kb3 Kd4 35. Nc4 Kd5 36. e4+ Kd4 37. Nd6 Ke3 38. b5 Kxf3 39. a5
1-0

[Event "2020 Standard Chess Dropout Tournament, Round 2"]
[Site "SchemingMind.com"]
[Date "2020.06.18"]
[Round "2"]
[White "Robert Pallett"]
[Black "Shanks"]
[Result "1-0"]
[WhiteCountry "ENG"]
[BlackCountry "ENG"]
[WhiteElo "2395"]
[WhiteRD "97"]
[BlackElo "1250"]
[BlackRD "57"]
[GameID "456595"]

1. e4 e6 2. d4 d5 3. Nc3 Nf6 4. Bg5 Nbd7 5. exd5 e5 6. dxe5 Nxe5 7. Qe2 Bd6 8. f4 O-O 9. fxe5 Bxe5 10. O-O-O Qd6
11. Nb5 Qe7 12. Nf3 Bf4+ 13. Bxf4 Qxe2 14. Bxe2 Nd7 15. Nxc7 Rb8 16. Bd6 Re8 17. Nxe8 Ra8 18. Rde1
1-0

[Event "2020 Standard Chess Dropout Tournament, Round 2"]
[Site "SchemingMind.com"]
[Date "2020.06.14"]
[Round "2"]
[White "Michael Preier"]
[Black "surfnsuds"]
[Result "1-0"]
[WhiteCountry "GER"]
[BlackCountry "USA"]
[WhiteElo "1530"]
[WhiteRD "132"]
[BlackElo "1394"]
[BlackRD "72"]
[GameID "456596"]

1. e4 e5 2. Nf3 Nc6 3. Bb5 d6 4. d4 Bd7 5. Nc3 Nf6 6. O-O Be7 7. dxe5 dxe5 8. Be3 Bd6 9. Bxc6 Bxc6 10. Bg5 Be7
11. Bxf6 Bxf6 12. Nd5 Bxd5 13. exd5 O-O 14. c4 e4 15. Nd4 Qe7 16. Nf5 Qe5 17. Qg4 Rad8 18. b3 c6 19. d6 b6 20. d7 Qe6
21. Rad1 Rxd7 22. Rxd7 Kh8 23. Rd6 Qe5 24. Rxc6 g6 25. Nd6 Be7 26. Qg3 Qxg3 27. fxg3 Kg7 28. Nxe4 Rd8 29. Rc7 Re8 30. Rxa7 Bd8
31. Rfxf7+ Kg8 32. Nd6 Rf8 33. Rg7+ Kh8 34. Rxh7+ Kg8 35. Rag7#
1-0

[Event "2020 Standard Chess Dropout Tournament, Round 2"]
[Site "SchemingMind.com"]
[Date "2020.06.16"]
[Round "2"]
[White "NYNH"]
[Black "Delf Groth"]
[Result "1-0"]
[WhiteCountry "USA"]
[BlackCountry "GER"]
[WhiteElo "2028"]
[WhiteRD "105"]
[BlackElo "1822"]
[BlackRD "94"]
[GameID "456597"]

1. d4 d5 2. Nf3 c5 3. dxc5 e6 4. b4 a5 5. c3 b6 6. cxb6 axb4 7. Be3 bxc3 8. Nxc3 Bb4 9. Qb3 Nc6 10. a3 Bb7
11. Nd4 Nge7 12. Nc2 Ba5 13. Rd1 O-O 14. Bc5 Re8 15. e3 Nc8 16. Rb1 Qf6 17. Nb4 d4 18. Ne4 Qe5 19. Qc2 dxe3 20. fxe3 Nxb6
21. Be2 Nd5 22. O-O Bxb4 23. axb4 Ndxb4 24. Bxb4 Nxb4 25. Rxb4
1-0

[Event "2020 Standard Chess Dropout Tournament, Round 2"]
[Site "SchemingMind.com"]
[Date "2020.06.19"]
[Round "2"]
[White "pengle"]
[Black "Udo Sprang"]
[Result "0-1"]
[WhiteCountry "USA"]
[BlackCountry "NED"]
[WhiteElo "1649"]
[WhiteRD "92"]
[BlackElo "1903"]
[BlackRD "108"]
[GameID "456598"]

1. d4 Nf6 2. f4 d5 3. Nf3 Bf5 4. e3 e6 5. a3 c5 6. Bd3 Ne4 7. Nbd2 Nd7 8. O-O c4 9. Be2 Be7 10. Nxe4 Bxe4
11. b3 b5 12. Ne5 Nxe5 13. fxe5 O-O 14. Bf3 Bg6 15. a4 a6 16. Re1 Rc8 17. axb5 axb5 18. e4 dxe4 19. Bxe4 Bxe4 20. Rxe4 Qd5
21. Re3 Ra8 22. Rb1 cxb3 23. Rexb3 b4 24. Qg4 f5 25. Qd1 Ra2 26. Qd3 Rc8 27. R1b2 Ra1 28. Rb1 Rxb1 29. Rxb1 Rc3 30. Qd1 Bc5
31. Bd2 Qxd4+ 32. Kh1 Rc4 33. c3 bxc3 34. Rb8+ Bf8
0-1

[Event "2020 Standard Chess Dropout Tournament, Round 2"]
[Site "SchemingMind.com"]
[Date "2020.06.18"]
[Round "2"]
[White "PION4290"]
[Black "j4orce"]
[Result "0-1"]
[WhiteCountry "CAN"]
[BlackCountry "USA"]
[WhiteElo "1683"]
[WhiteRD "91"]
[BlackElo "1702"]
[BlackRD "138"]
[GameID "456600"]

1. d4 Nf6 2. c4 d5 3. Nc3 e6 4. Bg5 h6 5. Bh4 dxc4 6. e4 Be7 7. Bxc4 Nc6 8. Nf3 a6 9. Qc2 Ng4 10. Bxe7 Qxe7
11. O-O Bd7 12. d5 Nce5 13. Nxe5 Nxe5 14. Bb3 Qh4 15. dxe6 fxe6 16. Na4 O-O 17. Qxc7 Qxe4 18. Rfe1 Nf3+ 19. gxf3 Qxf3 20. Qg3 Qf5
21. Re5 Qf4 22. Qxf4 Rxf4 23. Nc5 Rg4+ 24. Kf1 Bb5+ 25. Re2 Rh4 26. Bxe6+ Kh8 27. h3 Rh5 28. Nd7 Re8 29. Bf7 Bxe2+ 30. Ke1 Re7
31. f4 Bc4+ 32. Ne5 Bxf7 33. b3 g5 34. Kf2 Rh4 35. Nxf7+ Rxf7 36. Rc1 gxf4 37. Rc3 f3 38. Rxf3 Rxf3+ 39. Kxf3 Rxh3+ 40. Kg2 Rc3
0-1

[Event "2020 Standard Chess Dropout Tournament, Round 2"]
[Site "SchemingMind.com"]
[Date "2020.06.19"]
[Round "2"]
[White "pnwmusichound"]
[Black "Johnny Owens"]
[Result "0-1"]
[WhiteCountry "USA"]
[BlackCountry "USA"]
[WhiteElo "1816"]
[WhiteRD "96"]
[BlackElo "2080"]
[BlackRD "65"]
[GameID "456602"]

1. Nf3 d5 2. d4 Nf6 3. g3 g6 4. c4 dxc4 5. Qa4+ Nc6 6. Bg2 Bg7 7. Ne5 O-O 8. Nxc6 bxc6 9. Qxc4 Be6 10. Qxc6 Qxd4
11. Qxa8 Rxa8 12. Bxa8 Ng4 13. O-O Nxf2 14. Rxf2 Qd1+ 15. Rf1 Qxe2 16. Bg2 Bd4+ 17. Kh1 Bd5
0-1

[Event "2020 Standard Chess Dropout Tournament, Round 2"]
[Site "SchemingMind.com"]
[Date "2020.06.15"]
[Round "2"]
[White "Ramesh Panwar"]
[Black "PION4290"]
[Result "1-0"]
[WhiteCountry "IND"]
[BlackCountry "CAN"]
[WhiteElo "2528"]
[WhiteRD "74"]
[BlackElo "1647"]
[BlackRD "92"]
[GameID "456603"]

1. e4 c6 2. d4 d5 3. e5 Bf5 4. Nf3 g6 5. c4 e6 6. Nc3 Bb4 7. Qb3 Qa5 8. cxd5 exd5 9. a3 Bxc3+ 10. bxc3 Qb6
11. Qa2 Ne7 12. a4 a5 13. Nh4 Bd7 14. Bg5 Nf5 15. Bf6 O-O 16. Rb1 Qc7 17. Nxf5 Bxf5 18. Qd2 Nd7 19. Qh6 Nxf6 20. exf6 Qe7+
21. fxe7 Bxb1 22. exf8=Q+ Rxf8 23. Qf4 Re8+ 24. Kd2 Ba2 25. Qc7 Bb3 26. Qxb7 Bxa4 27. Ba6 Kf8 28. Ra1 Re7 29. Qb8+ Re8 30. Qd6+
1-0

[Event "2020 Standard Chess Dropout Tournament, Round 2"]
[Site "SchemingMind.com"]
[Date "2020.06.15"]
[Round "2"]
[White "Raymond de Kemp"]
[Black "Dan Geana"]
[Result "0-1"]
[WhiteCountry "NED"]
[BlackCountry "ROU"]
[WhiteElo "1846"]
[WhiteRD "71"]
[BlackElo "2645"]
[BlackRD "122"]
[GameID "456604"]

1. d4 d5 2. Bf4 Nf6 3. e3 e6 4. Nf3 Bd6 5. Ne5 O-O 6. Nd2 c5 7. c3 Nc6 8. Bd3 Qc7 9. Ndf3 b6 10. h4 Bb7
11. h5 h6 12. Qe2 Ne4 13. Rh4 Ne7 14. Nh2 cxd4 15. exd4 Nf5 16. Rg4 Nxc3 17. Qf3 Ne4 18. Rc1 Qe7 19. Nc6 Bxc6 20. Rxc6 Bxf4
21. Qxf4 Qb4+ 22. Kf1 Qxd4 23. Be2 Rfc8 24. Rxc8+ Rxc8 25. g3 Rc2 26. Qb8+ Kh7 27. Rf4 Ne3+
0-1

[Event "2020 Standard Chess Dropout Tournament, Round 2"]
[Site "SchemingMind.com"]
[Date "2020.06.19"]
[Round "2"]
[White "Robert Hatfield"]
[Black "DANDYLIONHONEYBADGER"]
[Result "1-0"]
[WhiteCountry "USA"]
[BlackCountry "USA"]
[WhiteElo "1769"]
[WhiteRD "66"]
[BlackElo "1326"]
[BlackRD "76"]
[GameID "456605"]

1. c4 e6 2. d4 Nf6 3. a3 h6 4. Nc3 c6 5. e4 d6 6. Nf3 a6 7. Be2 Nbd7 8. h3 g5 9. Be3 Be7 10. Qc2 Nb6
11. Rd1 Bd7 12. c5 dxc5 13. dxc5 Nc8 14. Ne5 O-O 15. h4 Nh7 16. Rxd7 Qa5 17. Rxb7 Bxc5 18. b4 Bxb4 19. Nc4 Bxc3+ 20. Kf1 Nf6
21. Nxa5
1-0

[Event "2020 Standard Chess Dropout Tournament, Round 2"]
[Site "SchemingMind.com"]
[Date "2020.06.15"]
[Round "2"]
[White "Shanks"]
[Black "Stephen Woodhouse"]
[Result "0-1"]
[WhiteCountry "ENG"]
[BlackCountry "ENG"]
[WhiteElo "1250"]
[WhiteRD "57"]
[BlackElo "1851"]
[BlackRD "100"]
[GameID "456606"]

1. d4 e6 2. Nc3 f5 3. e3 Nf6 4. f4 b6 5. Nf3 Bb7 6. Ne5 d6 7. Nc4 Be7 8. b3 O-O 9. h4 Nbd7 10. Rg1 Ne4
11. Ne2 Bxh4+ 12. g3 Bf6 13. Bb2 Qe8 14. Qd3 Qh5 15. O-O-O Nf2 16. Qd2 Nxd1 17. Qxd1 Bf3 18. Qd2 Qh2 19. Ba1 Bxe2 20. Qxe2 Qxg1
21. Nd2 e5 22. fxe5 dxe5 23. dxe5 Nxe5 24. Bxe5 Bxe5 25. Nf3 Qxg3 26. Nxe5 Qxe5 27. Qc4+ Kh8 28. Qd3 Qa1+ 29. Kd2 Rad8 30. Qxd8 Rxd8+
31. Bd3 Qe5 32. c4 f4 33. e4 Qd4
0-1

[Event "2020 Standard Chess Dropout Tournament, Round 2"]
[Site "SchemingMind.com"]
[Date "2020.06.15"]
[Round "2"]
[White "Stephen Woodhouse"]
[Black "JimM"]
[Result "1-0"]
[WhiteCountry "ENG"]
[BlackCountry "USA"]
[WhiteElo "1867"]
[WhiteRD "102"]
[BlackElo "1711"]
[BlackRD "75"]
[GameID "456609"]

1. e4 c5 2. c3 d5 3. exd5 Qxd5 4. d4 Nc6 5. Nf3 Bg4 6. Be2 Nf6 7. h3 Bf5 8. O-O e6 9. Na3 cxd4 10. Nb5 Qd7
11. Nbxd4 Bg6 12. Nxc6 Qxd1 13. Rxd1 bxc6 14. Ne5 Be4 15. Bf3 Bd5 16. c4 Bxf3 17. Nxf3 Be7 18. Be3 O-O 19. Ne5 Rfc8 20. f3 a5
21. Nd7 Nxd7 22. Rxd7 Bf6 23. Bd4 Bxd4+ 24. Rxd4 c5 25. Rd7 g6 26. Rad1 Kf8 27. Kf2 a4 28. Ke3 Rab8 29. R1d2 Rb4 30. Kd3 Rb6
31. Kc3 Rbc6 32. Ra7 Ke8 33. Rdd7 h5 34. Re7+ Kf8 35. Rxf7+ Kg8 36. Rg7+ Kf8 37. Rxg6 R8c7 38. Rxc7 Rxc7 39. Rxe6
1-0

[Event "2020 Standard Chess Dropout Tournament, Round 2"]
[Site "SchemingMind.com"]
[Date "2020.06.14"]
[Round "2"]
[White "surfnsuds"]
[Black "Lanaroon"]
[Result "0-1"]
[WhiteCountry "USA"]
[BlackCountry "ENG"]
[WhiteElo "1389"]
[WhiteRD "73"]
[BlackElo "1510"]
[BlackRD "104"]
[GameID "456610"]

1. d4 d5 2. c4 dxc4 3. Nf3 a6 4. e3 Nf6 5. Bxc4 e6 6. Nc3 Bd7 7. O-O b5 8. Bd3 Bc6 9. e4 Bb4 10. Bf4 Bxc3
11. bxc3 Nbd7 12. h3 O-O 13. e5 Ne4 14. Qc2 f5 15. h4 Nb6 16. Bg5 Nxg5 17. hxg5 Bxf3 18. Qb3 Qxg5 19. Qxe6+ Kh8 20. g3 Qh5
0-1

[Event "2020 Standard Chess Dropout Tournament, Round 2"]
[Site "SchemingMind.com"]
[Date "2020.06.19"]
[Round "2"]
[White "The Knight Rider"]
[Black "pjl1015"]
[Result "1-0"]
[WhiteCountry "IND"]
[BlackCountry "USA"]
[WhiteElo "2533"]
[WhiteRD "94"]
[BlackElo "2440"]
[BlackRD "101"]
[GameID "456611"]

1. e4 e5 2. Nf3 Nc6 3. Bc4 Bc5 4. c3 Nf6 5. d3 O-O 6. O-O d6 7. h3 Na5 8. b4 Nxc4 9. bxc5 Na5 10. cxd6 cxd6
11. Re1 Re8 12. c4 Nd7 13. Bg5 f6 14. Be3 b6 15. Nh4 Nc5 16. Nc3 Be6 17. Kh2 Qd7 18. g4 Nc6 19. Rb1 Rac8 20. Rg1 Rf8
21. Rg2 Kh8 22. Nd5 Rf7 23. f3 g6 24. Qd2 Rd8 25. Rbg1 Qb7 26. Rd1 Rg8 27. g5 fxg5 28. Bxg5 Bxd5 29. cxd5 Nd4 30. f4 Rgf8
31. Rf1 Qd7 32. Bh6 Rg8 33. f5 Qe8 34. Rfg1 Qe7 35. Bg5 Qf8 36. Bh6 Qe7 37. Rg5 Rf6 38. R5g3 Nd7 39. Bg5 Rg7 40. R3g2 Qf8
41. Kh1 Rxf5 42. Nxf5 Nxf5 43. Rf2 Rf7 44. exf5 Rxf5 45. Rgf1
1-0

[Event "2020 Standard Chess Dropout Tournament, Round 2"]
[Site "SchemingMind.com"]
[Date "2020.06.19"]
[Round "2"]
[White "thefriediceman"]
[Black "Austin Lockwood"]
[Result "1-0"]
[WhiteCountry "USA"]
[BlackCountry "ENG"]
[WhiteElo "2110"]
[WhiteRD "139"]
[BlackElo "1646"]
[BlackRD "132"]
[GameID "456612"]

1. e4 e5 2. Nc3 Nf6 3. g3 d5 4. Bg2 d4 5. Nce2 b6 6. d3 Be7 7. h3 O-O 8. f4 Nc6 9. Nf3 exf4 10. Nxf4 Be6
11. O-O Rb8 12. Nxe6 fxe6 13. Bd2 Bb4 14. a3 Bxd2 15. Qxd2 Qd6 16. g4 Rbd8 17. Rae1 Ne5 18. Qg5 h6 19. Qxe5 Qxe5 20. Nxe5 c5
21. Ng6
1-0

[Event "2020 Standard Chess Dropout Tournament, Round 2"]
[Site "SchemingMind.com"]
[Date "2020.06.19"]
[Round "2"]
[White "Udo Sprang"]
[Black "Mike Smith"]
[Result "1-0"]
[WhiteCountry "NED"]
[BlackCountry "ENG"]
[WhiteElo "1960"]
[WhiteRD "106"]
[BlackElo "2047"]
[BlackRD "93"]
[GameID "456613"]

1. e4 e6 2. d4 d5 3. Nc3 Bb4 4. e5 c5 5. a3 Ba5 6. Bd2 Nc6 7. Qg4 Nge7 8. dxc5 Nxe5 9. Qxg7 N5g6 10. Bd3 Rg8
11. Qxh7 Nf8 12. Qh5 Rxg2 13. Nf3 Rg8 14. Ne5 Neg6 15. O-O-O Nxe5 16. Qxe5 Bc7 17. Qe2 Qe7 18. Rhe1 Qxc5 19. Qh5 Bd7 20. Qxd5 Qxd5
21. Nxd5 Bd8 22. Bc3 Bc6 23. Nb4 Bg5+ 24. Kb1 Bf3 25. Bb5+ Ke7 26. Rd3 a6 27. Bxa6 bxa6 28. Rxf3 Nd7 29. Nd5+ Kd6 30. Ne3 Bxe3
31. Rexe3 Ke7 32. Bb4+ Ke8 33. Rg3 Rh8 34. Bc3 Rf8 35. h4 Nb6 36. Bg7 Nd5 37. Bxf8 Kxf8 38. Rb3 Ne7 39. Rb7 Nf5 40. Rgb3 Nxh4
41. Rb8+ Rxb8 42. Rxb8+ Ke7 43. Ra8
1-0

[Event "2020 Standard Chess Dropout Tournament, Round 2"]
[Site "SchemingMind.com"]
[Date "2020.06.15"]
[Round "2"]
[White "John C. Walton"]
[Black "Ramesh Panwar"]
[Result "1/2-1/2"]
[WhiteCountry "USA"]
[BlackCountry "IND"]
[WhiteElo "2440"]
[WhiteRD "109"]
[BlackElo "2528"]
[BlackRD "74"]
[GameID "456615"]

1. d4 d5 2. c4 e6 3. Nf3 Nf6 4. g3 Be7 5. Bg2 O-O 6. O-O dxc4 7. Qc2 a6 8. a4 Bd7 9. Qxc4 Bc6 10. Bf4 Bd6
11. Qc1 a5 12. Nc3 Na6 13. Rd1 h6 14. Ne5 Bxg2 15. Kxg2 Nd5 16. Ne4 Qe8 17. Bd2 f5 18. Nxd6 cxd6 19. Nc4 Rc8 20. b3 Qh5
21. f3 b6 22. Qb2 Nab4 23. Rac1 Rcd8 24. Kh1 f4 25. g4 Qe8 26. Qb1 Nc6 27. Qe4 Ndb4 28. Bxb4 Nxb4 29. Na3=
1/2-1/2

[Event "2020 Standard Chess Dropout Tournament, Round 2"]
[Site "SchemingMind.com"]
[Date "2020.06.15"]
[Round "2"]
[White "WonkaEight"]
[Black "FransEvers"]
[Result "0-1"]
[WhiteCountry "AUS"]
[BlackCountry "NED"]
[WhiteElo "1415"]
[WhiteRD "66"]
[BlackElo "2082"]
[BlackRD "107"]
[GameID "456616"]

1. d4 d6 2. e4 Nf6 3. Nc3 e5 4. dxe5 dxe5 5. Qxd8+ Kxd8 6. Nf3 Bd6 7. Bg5 Be6 8. Nb5 Nd7 9. Nxd6 cxd6 10. Bb5 a6
11. Ba4 b5 12. Bb3 h6 13. Bh4 g5 14. Bg3 Nxe4 15. O-O-O Ke7 16. Bd5 Bxd5 17. Rxd5 Nxg3 18. hxg3 Nb6 19. Rd3 e4 20. Re3 d5
21. Nd4 Kf6 22. Rh5 Nc4 23. Rb3 Rae8 24. f4 exf3 25. Nxf3 Re2 26. Rh1 Rxg2 27. Rd3 Rxg3 28. Rf1 Rg4 29. Nd4+ Rf4 30. Re1 g4
31. b3 Ne5 32. Rdd1 Nf3 33. Nxf3 gxf3 34. Rf1 Rg8 35. Rxd5 Rg2 36. Rd2 Rxd2 37. Kxd2 Kf5 38. Ke3 Re4+ 39. Kxf3 Rf4+ 40. Ke2 Rxf1
41. Kxf1 Ke4 42. Ke2 Kd4 43. Kd2 h5 44. c3+ Kc5 45. Kd3 f5 46. Ke3 h4 47. Kf2 f4 48. Kg2 Kd5 49. Kf2 Ke4 50. c4 bxc4
51. bxc4 Kd4 52. Kg2 Kxc4 53. Kf2 Kd3 54. a4 h3 55. Kg1 Ke2
0-1

[Event "2020 Standard Chess Dropout Tournament, Round 2"]
[Site "SchemingMind.com"]
[Date "2020.06.15"]
[Round "2"]
[White "Wolli"]
[Black "Aleksandr Frenkel"]
[Result "0-1"]
[WhiteCountry "GER"]
[BlackCountry "USA"]
[WhiteElo "1625"]
[WhiteRD "91"]
[BlackElo "2441"]
[BlackRD "93"]
[GameID "456617"]

1. c4 e5 2. g3 Nf6 3. Bg2 c6 4. Nc3 d5 5. cxd5 cxd5 6. e3 d4 7. exd4 exd4 8. Ne4 Nxe4 9. Bxe4 d3 10. Qb3 Qe7
11. Qxd3 f5 12. Ne2 fxe4 13. Qc3 Nc6 14. O-O Bg4 15. Re1 Ne5 16. Nd4 Rc8 17. Qb3 Rc4 18. Qb5+ Bd7
0-1

[Event "2020 Standard Chess Dropout Tournament, Round 3"]
[Site "SchemingMind.com"]
[Date "2020.11.18"]
[Round "3"]
[White "Aba"]
[Black "Raymond de Kemp"]
[Result "0-1"]
[WhiteCountry "ISR"]
[BlackCountry "NED"]
[WhiteElo "1767"]
[WhiteRD "66"]
[BlackElo "1820"]
[BlackRD "70"]
[GameID "462073"]

1. e4 c5 2. Nf3 d6 3. d4 cxd4 4. Nxd4 Nf6 5. Nc3 a6 6. Bg5 e6 7. f4 Qb6 8. Qd2 Qxb2 9. Nb3 Qa3 10. Bxf6 gxf6
11. Be2 Nc6 12. O-O Bd7 13. Bh5 Na5 14. Rf3 Nxb3
0-1

[Event "2020 Standard Chess Dropout Tournament, Round 3"]
[Site "SchemingMind.com"]
[Date "2020.11.21"]
[Round "3"]
[White "Abstract Actuary"]
[Black "The Knight Rider"]
[Result "0-1"]
[WhiteCountry "USA"]
[BlackCountry "IND"]
[WhiteElo "1873"]
[WhiteRD "73"]
[BlackElo "2519"]
[BlackRD "108"]
[GameID "462074"]

1. e4 e5 2. Nf3 Nc6 3. c3 d5 4. exd5 Qxd5 5. d4 Bf5 6. Nbd2 exd4 7. Bc4 Qd7 8. O-O dxc3 9. bxc3 O-O-O 10. Qa4 Nf6
11. Bb5 Bd3 12. Bxc6 Qxc6 13. Qxc6 bxc6 14. Re1 Bd6 15. Nb3 Rde8 16. Be3 Ne4 17. Rad1 Ba6 18. Bd4 f6 19. Nfd2 Nxd2 20. Nxd2 c5
21. Be3 Re7 22. f4 Rhe8 23. Kf2 Bd3 24. Nb3 c4 25. Nd4 a6 26. Nf5 Bxf5
0-1